| 000 | 00520 a2200169 4500 | ||
|---|---|---|---|
| 020 | _a0-333-57650-0 | ||
| 040 |
_aDLC _bDLC |
||
| 082 | _a512.024339 | ||
| 100 | 1 | _aHolden, Kenneth | |
| 245 | 0 | 0 |
_aIntroductory mathematics for economics and business _cK. Holden and A.W. Pearson |
| 250 | _a2.ed. | ||
| 260 |
_aBasingstoke : _bMacmillan, _c1992 |
||
| 300 |
_axii, 511 s. : _bdiagr., tab. |
||
| 500 | _aPrevious title: Introductory mathematics for economists | ||
| 700 | 1 | _aPearson, A. W. | |
| 942 |
_cBK _k512.024339 HOL _2ddc |
||
| 999 |
_c7407 _d7407 |
||